000
00297nam a2200145Ia 4500
100
_a
Eysenck/ H.J.
650
_a
General
942
_c
BK
654
_a
I.Q.
245
_a
Know your own I.Q.
260
_b
Penguin Books
_a
England
_c
1977
082
_a
153.93
300
_a
192
546
_a
ENGLISH
999
_c
26677
_d
26677